<?xml version="1.0" encoding="UTF-8"?><?xml-stylesheet type="text/xsl" href="static/style.xsl"?><OAI-PMH xmlns="http://www.openarchives.org/OAI/2.0/" xmlns:xsi="http://www.w3.org/2001/XMLSchema-instance" xsi:schemaLocation="http://www.openarchives.org/OAI/2.0/ http://www.openarchives.org/OAI/2.0/OAI-PMH.xsd"><responseDate>2026-04-17T05:16:21Z</responseDate><request verb="GetRecord" identifier="oai:www.recercat.cat:2072/442628" metadataPrefix="marc">https://recercat.cat/oai/request</request><GetRecord><record><header><identifier>oai:recercat.cat:2072/442628</identifier><datestamp>2026-03-13T07:15:07Z</datestamp><setSpec>com_2072_98</setSpec><setSpec>col_2072_378192</setSpec></header><metadata><record xmlns="http://www.loc.gov/MARC21/slim" xmlns:dcterms="http://purl.org/dc/terms/" xmlns:xsi="http://www.w3.org/2001/XMLSchema-instance" xmlns:doc="http://www.lyncode.com/xoai" xsi:schemaLocation="http://www.loc.gov/MARC21/slim http://www.loc.gov/standards/marcxml/schema/MARC21slim.xsd">
   <leader>00925njm 22002777a 4500</leader>
   <datafield ind2=" " ind1=" " tag="042">
      <subfield code="a">dc</subfield>
   </datafield>
   <datafield ind2=" " ind1=" " tag="720">
      <subfield code="a">Lopes, Felipe Tavares Paes</subfield>
      <subfield code="e">author</subfield>
   </datafield>
   <datafield ind2=" " ind1=" " tag="720">
      <subfield code="a">Cordeiro, Mariana</subfield>
      <subfield code="e">author</subfield>
   </datafield>
   <datafield ind2=" " ind1=" " tag="260">
      <subfield code="c">2020</subfield>
   </datafield>
   <datafield ind2=" " ind1=" " tag="520">
      <subfield code="a">Este artículo aborda las relaciones entre fútbol, política y memoria histórica en Brasil, centrándose en las manifestaciones de colectivos de hinchas contra la celebración de la perpetración del golpe de 1964 que dio lugar a una dictadura civil-militar que se mantuvo hasta 1985. El objetivo del presente artículo es comprender cómo los discursos vehiculados en un manifiesto firmado por diferentes colectivos de hinchas deslegitiman la dictadura, sus agentes y los discursos que los apoyan. Para alcanzar este objetivo, desarrollamos un análisis de discurso de base construccionista, del cual se concluye, entre otras cosas, que el manifiesto busca legitimarse a sí mismo, presentando fuentes consideradas fiables por los autores. También mostramos que se emplea una narrativa melodramática, que caracteriza a los agentes de la dictadura como villanos y a sus pacientes, como víctimas. Además, mostramos que alude a algunos aspectos de las teorías de la manipulación, que sugieren que el deporte sirve como opio del pueblo.</subfield>
   </datafield>
   <datafield ind2=" " ind1=" " tag="520">
      <subfield code="a">This article discusses the relations between football, politics and historical memory in Brazil, focusing on the manifestations of groups of fans against the celebration of the 1964 coup that gave rise to a civil-military dictatorship that lasted until 1985. The goal of the present article is to understand how the discourses conveyed in a manifesto signed by different groups of football fans delegitimize the dictatorship, its agents and the discourses that support them. In order to achieve this objective, we developed a constructivist-based discourse analysis, which concludes, among other things, that the manifesto seeks to legitimize itself, presenting sources considered reliable by the authors. We also show that a melodramatic narrative is used, which characterizes the agents of the dictatorship as villains and their patients, as victims. In addition, we show that it alludes to some aspects of manipulation theories, which suggest that sport serves as an opium for the people.</subfield>
   </datafield>
   <datafield tag="653" ind2=" " ind1=" ">
      <subfield code="a">Fútbol</subfield>
   </datafield>
   <datafield tag="653" ind2=" " ind1=" ">
      <subfield code="a">Política</subfield>
   </datafield>
   <datafield tag="653" ind2=" " ind1=" ">
      <subfield code="a">Historia</subfield>
   </datafield>
   <datafield tag="653" ind2=" " ind1=" ">
      <subfield code="a">Análisis de discurso</subfield>
   </datafield>
   <datafield tag="653" ind2=" " ind1=" ">
      <subfield code="a">Soccer</subfield>
   </datafield>
   <datafield tag="653" ind2=" " ind1=" ">
      <subfield code="a">Politics</subfield>
   </datafield>
   <datafield tag="653" ind2=" " ind1=" ">
      <subfield code="a">History</subfield>
   </datafield>
   <datafield tag="653" ind2=" " ind1=" ">
      <subfield code="a">Discourse analysis</subfield>
   </datafield>
   <datafield ind2="0" ind1="0" tag="245">
      <subfield code="a">Fútbol, ​​política e historia en Brasil : análisis de un manifiesto de hinchas antifascistas</subfield>
   </datafield>
</record></metadata></record></GetRecord></OAI-PMH>